MARC

LEADER 00000nab a2200000 ar4500
001 vtls010647229
003 SK-MaSNL
005 20260303175335.0
008 170412c2014 xo wr|p|||||||000 b|slo
038 |a PPPK 
040 |a PPPKCL  |b slo  |c PPPKCL  |e AACR2 
041 0 |a slo 
044 |a xo  |c SK 
080 |a 792.077  |2 2001 
080 |a 792.077:792.07  |2 2001 
080 |a 792.079  |2 2001 
245 0 0 |a Dve ocenenia na celoslovenskej súťaži  |c [text] (red) ; [Snímka] archív 
300 |b Fotogr. 
600 0 7 |a Sofokles,  |d asi 496-406 pred Kr.  |t Antigona  |2 pppkcl  |9 483493 
610 2 7 |a Spojená škola, Ul. Dominika Tatarku (Poprad, Slovensko)  |2 pppkcl  |9 1092277 
610 2 7 |a Divbilinky (divadelný súbor : Poprad, Slovensko)  |2 pppkcl  |9 1203784 
610 2 7 |a Dom kultúry (Svit, Slovensko)  |2 pppkcl  |9 1090321 
611 2 7 |a Divadelná tehlička  |n (2. :  |d 2014 :  |c Svit, Slovensko)  |2 pppkcl  |9 1203823 
648 7 |a 20.-22.11.2014  |2 pppkcl  |9 1203824 
650 0 7 |a amatérske divadlo  |2 pppkcl  |9 3348 
650 0 7 |a amatérske divadelné súbory  |2 pppkcl  |9 31587 
650 0 7 |a divadelné festivaly a prehliadky  |2 pppkcl  |9 3350 
651 7 |a Svit (Slovensko)  |2 pppkcl  |9 29648 
651 7 |a Poprad (Slovensko)  |2 pppkcl  |9 20155 
773 0 |t Podtatranské noviny  |g Roč. LIV, č. 49 (2014), s. 4  |x 1210-2423 
852 |a PPPK  |b KIS3GCP 
999 |c 2101331  |d 2103261